000
00294nam a2200121Ia 4500
008
191201s2014 xx 000 0 und d
100
_a
STROUSTRUP, B. Jarne
245
0
_a
C++ Programming language
250
_a
Imp16th
260
_c
2014
_b
pearson
_a
NEW DELHI
300
_a
1019
942
_2
ddc
_c
BK
999
_c
7909
_d
7909